MARC

LEADER 00000nam0a2200000 4500
001 302834
005 20231102001537.0
035 |a (RuTPU)RU\TPU\book\328051 
090 |a 302834 
100 |a 20150827d1975 k y0rusy50 ca 
101 0 |a rus 
102 |a RU 
105 |a a z 001zy 
200 1 |a Тиристорные схемы включения высокоинтенсивных источников света  |f О. Г. Булатов, В. С. Иванов , Д. И. Панфилов  |g авт. предисл. И. Л. Каганов 
210 |a Москва  |c Энергия  |d 1975 
215 |a 176 с.  |c ил. 
320 |a Библиогр.: с. 165-171. 
606 1 |a Источники света электрические  |2 stltpush  |3 (RuTPU)RU\TPU\subj\13290  |9 39922 
610 1 |a тиристорные схемы 
610 1 |a включение 
610 1 |a высокоинтенсивные технологии 
610 1 |a зажимные устройства 
610 1 |a лампы 
610 1 |a лампы высокой интенсивности 
610 1 |a импульсные лампы 
610 1 |a питание 
675 |a 621.32  |v 3 
700 1 |a Булатов  |b О. Г.  |g Олег Георгиевич 
701 1 |a Иванов  |b В. С.  |g Владислав Соломонович 
701 1 |a Панфилов  |b Д. И.  |g Дмитрий Иванович 
702 1 |a Каганов  |b И. Л.  |4 080 
801 1 |a RU  |b 63413507  |c 20150827 
801 2 |a RU  |b 63413507  |c 20210903  |g RCR 
942 |c BK